000
00301nam a22001217a 4500
040
_c
SK
082
_a
639
100
_a
ម៉ែន សុខា
245
_a
ចំណីស់សំរប់វារីវប្បកម្ម
260
_a
RUA
_b
ម៉ែន
_c
2012
300
_a
44p.
942
_c
KB
999
_c
9891
_d
9891